[Event "RSA-ch U08"]
[Site "Waterkloof"]
[Date "2015.04.07"]
[Round "6"]
[White "Tennant, Jason"]
[Black "Bester, Ethan"]
[Result "0-1"]
[WhiteElo "765"]
[BlackElo "837"]
[PlyCount "54"]
[EventDate "2015.04.04"]
[EventType "swiss"]
[EventRounds "9"]
[EventCountry "RSA"]
[SourceTitle "CBM 166 Extra"]
[Source "ChessBase"]
[SourceDate "2015.06.18"]
[SourceVersion "1"]
[SourceVersionDate "2015.06.18"]
[SourceQuality "1"]

1. Nf3 g6 2. c3 Bg7 3. Qb3 Nf6 4. h4 0-0 5. g4 Nxg4 6. h5 c6 7. hxg6 hxg6 8. Qb4 d5 9. Bh3 e5 10. Bxg4 Bxg4 11. Qxg4 Nd7 12. Qh3 Nf6 13. d3 Qd6 14. Bg5 Rfe8 15. Bxf6 Bxf6 16. Qh7+ Kf8 17. Ng5 Bxg5 18. Qh8+ Ke7 19. Qg7 Bf6 20. Qh6 Rh8 21. Qe3 Rxh1+ 22. Kd2 Qe6 23. f3 Rh3 24. Na3 Qf5 25. Rf1 Bg5 26. Qxg5+ Qxg5+ 27. Kc2 Qe3 0-1

[Event "RSA-ch U08"]
[Site "Waterkloof"]
[Date "2015.04.06"]
[Round "4"]
[White "Tennant, Jason"]
[Black "Van Straaten, Matthys"]
[Result "1-0"]
[WhiteElo "765"]
[BlackElo "694"]
[PlyCount "39"]
[EventDate "2015.04.04"]
[EventType "swiss"]
[EventRounds "9"]
[EventCountry "RSA"]
[SourceTitle "CBM 166 Extra"]
[Source "ChessBase"]
[SourceDate "2015.06.18"]
[SourceVersion "1"]
[SourceVersionDate "2015.06.18"]
[SourceQuality "1"]

1. Nf3 Nc6 2. d4 d5 3. Nc3 Nf6 4. g3 Bf5 5. Bg2 e6 6. 0-0 Bd6 7. b3 0-0 8. Bh6 gxh6 9. Qd2 Qe7 10. Rfe1 Rad8 11. Qxh6 Rfe8 12. Ng5 Nxd4 13. Bh3 Nxc2 14. Bxf5 exf5 15. Rac1 Nxe1 16. Rxe1 Bb4 17. Rc1 Qc5 18. Qxf6 Rd6 19. Qxf7+ Kh8 20. Qxh7# 1-0

[Event "RSA-ch U08"]
[Site "Waterkloof"]
[Date "2015.04.04"]
[Round "2"]
[White "Tennant, Jason"]
[Black "Wolfaard, Stephan"]
[Result "0-1"]
[WhiteElo "765"]
[BlackElo "983"]
[PlyCount "31"]
[EventDate "2015.04.04"]
[EventType "swiss"]
[EventRounds "9"]
[EventCountry "RSA"]
[SourceTitle "CBM 166 Extra"]
[Source "ChessBase"]
[SourceDate "2015.06.18"]
[SourceVersion "1"]
[SourceVersionDate "2015.06.18"]
[SourceQuality "1"]

1. e4 e5 2. Nf3 Nc6 3. g3 Nf6 4. Nc3 Bc5 5. Bg2 Ng4 6. 0-0 Nxf2 7. Rxf2 Bxf2+ 8. Kxf2 d6 9. d4 Bg4 10. Be3 Qf6 11. dxe5 Nxe5 12. Nd5 Qd8 13. Qd2 Nc4 14. Qc3 b5 15. b3 Bxf3 16. bxc4 0-1